Cyraxx quiz - Statistics

General Stats
  • This quiz has been taken 57 times
    30 since last reset
  • The average score is 25 of 57
Answer Stats
Hint Answer % Correct
Cyrax's real name Chance Wilkins
92%
What city does he live in? Akron
77%
The most notable Cyraxx troll. Beat him up in self defense after Raxx paid him a visit Music Biz Marty
77%
What state does he live in now? Ohio
73%
How old was he when he left high school? 23
69%
Who was the grandmother that Cyraxx grew up with and still lives with? Sally Arntzen
69%
What year was he born? 1990
65%
Where was he born Alaska
65%
Person who Cyraxx accuses of doing nasty things without his consent to him, but more likely the situation was the exact opposite Blind Billy
65%
Who is her current partner? Ed
65%
How did she die? Housefire
65%
Her first husband. Cyraxx's predator grandfather who married her at age 14 William Smith
65%
What is his address? (This is common knowledge in the Raxxverse) 339 Lloyd st
62%
Mythical creature that most people refer to him as. Goblin
62%
Most notorious ex girlfriend of Cyraxx's. She passed away from COVID-19 Heather
62%
No... His real real name Patrick Smith
62%
What is his father's name? Ruple Smith
62%
Label he was jokingly signed to before the contract was terminated due to a lack of views The Bender Boyz
62%
What was his mothers name? Connie Lobdell
58%
Archiver who reuploads Cyraxx's trashy livestreams and videos N-word boi
58%
Person who Raxx may or may not have had a homosexual relationship with Security Jake
54%
He copyrights it under this name Wance Chilkins
54%
His real real name (since his stepdad disowned him) (Last name only) Chance Arntzen
50%
Who was her husband at the time? Gordon Wilkins
50%
Cyraxx's main profession Musician
50%
A close associate of chance who is in fact a buddy troll planted by Marty to obtain as much insider information as possible CIA Hole
46%
Another notorious troll who copyrights Cyraxx's own work and claims it as his own (Cyraxx's art is mostly stolen anyway) William G-hole
46%
Name of the comedic act the above refused to pay Cyraxx for because he didn't receive the proper act. Skull Scratcher Comedy
42%
Troll girlfriend who 'broke up' with Cyraxx due to his degeneracy Tangerine Cat
42%
Man from Billings who had a notorious fight with Raxx on Christmas of 2022. May also be a predator. Tony the black dragon lord
42%
Creator of the video 'Cyraxx's Horrifying History'. The video has garnered over a million views Turkey Tom
42%
And another Artist
38%
Channel that caught Cyraxx in a predator sting operation Masshole Troll Mafia
38%
What does he like to be called? Oengus Ravenwood
38%
Australian woman who (is definitely a buddy troll) is his supposed girlfriend Taylor
38%
What's the name of his most notorious film? The darkness
38%
Former friend of Cyraxx. Lives in a hotel and is in a relationship with a doll. TiBBzTV
38%
Another troll girlfriend who witnessed Cyraxx hold a stylus to his neck Strawberry Sunshine
35%
Most notorious phrase from that conversation Ur turn cutie
35%
Rapper who had a brief dispute with Raxx Danny Brown
31%
Troll that went to Cyraxx's house and got swung at by Raxx with a baseball bat Awareofmyself
27%
Associate of the above with an iconic laugh Burger boy
27%
Another profession E-Racer
27%
Man who signed Raxx out of pity but had a falling out with him due to Cyraxx constantly stealing music, even stealing the name Cyraxx from him. Erik Skrubbalo
27%
The biggest Youtuber to constantly report on the Raxxverse Basedshaman
23%
Original label he supposedly created Killa Clown records
23%
Her ex that she had two kids with Thump
23%
Troll who created AI cover songs with Cyraxx's voice CVG
19%
Buddy troll who turned on Cyraxx Michael Hacking
19%
Another label supposedly associated with him Bloodshot records
15%
And another Photographer
15%
Guy who interviewed his aunt DeathbyDesign7
12%
Also owns this secondary channel to make songs based on Raxx Yung Cyraxx
12%
And another Film maker
8%
Yet another Game developer
8%
Yep.... Another one Welder
8%
Another buddy troll who may or may not have existed Sneaky Jim
4%
No matching quizzes found
Score Distribution
Percent of People with Each Score
Percentile by Number Answered
Your Score History
You have not taken this quiz since the last reset